000 00939nam a2200289 i 4500
003 EG-GICUC
005 20260423092931.0
008 260423s1911 nyu||||fr|||| 00| 0 eng d
040 _aEG-GiCUC
_beng
_cEG-GiCUC
_dEG-GiCUC
_eRda
082 0 4 _221
_a343.6
_bFE . C
092 0 4 _221
099 _aLaw1 10 343.6 FE . C 1911
100 1 _aFerrero,Gina Lombroso
_eAuthor.
245 1 0 _aCriminal Man:
_bAccording To The Classification Of Cesare Lombroso /
_cGina Lombroso Ferrero.
264 1 _aNew York :
_bG. P. Putnam's Sons,
_c1911.
300 _a322 page ;
_c 24 cm.
336 _2rda contenu
_a texte
337 _2rda medias
_aOrdinateur
338 _2 transporteur rda
_a Ressource en ligne
546 _aText in English
650 1 _aCriminal Law
650 1 _aCriminology
700 1 _aLombroso,Cesare
_epresenter
856 4 0 _uhttps://fll.law.cu.edu.eg/fulltext/bks/B10-10863.pdf
905 _a59
942 _2ddc
_n0
_cBK
_e21
999 _c72955
_d72955